| 000 | 00394nam a2200145Ia 4500 | ||
|---|---|---|---|
| 008 | 260330s9999 xx 000 0 und d | ||
| 020 | _a9.7893655275e+013 | ||
| 082 |
_a338 _bASW/E |
||
| 100 | _aAswathappa, K. | ||
| 245 | 0 | _aEssentials of Business Environment : Text, Cases and Exercises | |
| 250 | _a17th | ||
| 260 |
_aNew Delhi _bHimalaya Pub. House _c2025 |
||
| 300 | _a856p. | ||
| 942 | _cBK | ||
| 999 |
_c53630 _d53630 |
||